000 00925nam a22002537a 4500
005 20090505145940.0
008 090505t xxu||||| |||| 00| 0 eng d
010 _aENG-93434
020 _a8189886991
_c450.00
020 _a9788189886998
_c450.00
035 _aEN-76967
037 _bDBAD / PUB
040 _adpl
_bEnglish
082 _a338.10954
100 _aMahendran, T.
245 _aAgricultural development in India /
_cby T. Mahendran
260 _aDelhi
_bAbhijeet Publications
_c2008
270 _a2/46 Tukhmeerpur Extension
_bDelhi
_e110094
300 _aviii, 142p.
_c22cm (Hb)
500 _aIncludes bibliographical references
650 _aAgriculture
_zIndia
942 _2ddc
_cEN
_mMAH
_h338.10954
999 _c26109
_d26109